Optimalizácia technologického procesu v úpravni vody Nová Bystrica : Obh. 9.6.1992 /

Guardado en:
Detalles Bibliográficos
Autor principal: Sabo, Miroslav (Autor)
Formato: Manuscrito Libro
Lenguaje:eslovaco
Publicado: Bratislava : STU v Bratislave ChtF, 1992
Etiquetas: Agregar Etiqueta
Sin Etiquetas, Sea el primero en etiquetar este registro!

MARC

LEADER 00000ntm a22000003a 4500
001 stu18992
005 20150617225756.1
008 920612s1992----cs------------------slo-d
040 |a STU  |b slo 
041 0 |a slo 
044 |a cs 
100 1 |a Sabo, Miroslav  |4 aut 
245 1 |a Optimalizácia technologického procesu v úpravni vody Nová Bystrica :  |b Obh. 9.6.1992 /  |c [aut.]Sabo,Miroslav 
260 |a Bratislava :  |b STU v Bratislave ChtF,  |c 1992 
300 |a 77 s :  |b Obr.,tab.,grafy,lit 
500 |a Špec.: Technológia vody 
996 |b CD10974  |c C*D10974  |l CCI  |s A  |a 24  |w stu18992_0001